[Event "Gibtelecom Masters 2005"]
[Site "Gibraltar ENG"]
[Date "2005.01.31"]
[Round "7.51"]
[White "Agdestein, Emil"]
[Black "Gonzalez Amaya, Milan"]
[Result "1-0"]
[WhiteElo "2045"]
[BlackElo "1931"]
[PlyCount "83"]
[EventDate "2005.01.26"]
[EventType "swiss"]
[EventRounds "10"]
[EventCountry "ENG"]
[Source "lmi"]
[SourceDate "2005.02.03"]

1. e4 g6 2. Nc3 Bg7 3. f4 d6 4. Nf3 a6 5. a4 Bg4 6. Bc4 Nc6 7. Bxf7+ Kf8 8. Bc4
Nb4 9. O-O Ke8 10. d4 Kd7 11. Be3 Kc8 12. Qd2 Nf6 13. Bb3 d5 14. e5 Ng8 15. Ng5
Nh6 16. h3 Bf5 17. g4 Bd7 18. a5 e6 19. Ne2 Nc6 20. c4 Ne7 21. cxd5 Nxd5 22.
Rac1 Qe7 23. Bxd5 exd5 24. Rc5 Bc6 25. Nf3 Nf7 26. Nc3 h6 27. Nxd5 Bxd5 28.
Rxd5 g5 29. f5 Qe8 30. Rc1 Bf8 31. e6 Nd6 32. Qc2 c6 33. Ne5 Kc7 34. Bf2 h5 35.
Bg3 hxg4 36. hxg4 Rh3 37. Kg2 Rxg3+ 38. Kxg3 Nb5 39. Rd7+ Kb8 40. Nxc6+ bxc6
41. Qxc6 Ra7 42. Rb7+ 1-0

[Event "Gibtelecom Masters 2005"]
[Site "Gibraltar ENG"]
[Date "2005.01.31"]
[Round "7.53"]
[White "Matto, Manuel"]
[Black "Carame Gonzales, Francisco"]
[Result "1-0"]
[WhiteElo "2082"]
[BlackElo "2008"]
[PlyCount "42"]
[EventDate "2005.01.26"]
[EventType "swiss"]
[EventRounds "10"]
[EventCountry "ENG"]
[Source "lmi"]
[SourceDate "2005.02.03"]

1. d4 Nf6 2. Nf3 g6 3. g3 Bg7 4. Bg2 O-O 5. O-O d6 6. Nbd2 Nbd7 7. c3 c6 8. Re1
Qc7 9. e4 e5 10. Qc2 Re8 11. Nb3 b6 12. Be3 Bb7 13. Rad1 Nxe4 14. dxe5 d5 15.
c4 dxc4 16. Qxc4 c5 17. Bf4 Re6 18. Rxe4 Bxe4 19. Qxe4 Rd8 20. Ng5 Ree8 21. e6
Nf6 1-0

[Event "Gibtelecom Masters 2005"]
[Site "Gibraltar ENG"]
[Date "2005.01.01"]
[Round "8"]
[White "Arsenault, Nicolas"]
[Black "Matto, Manuel"]
[Result "1-0"]
[WhiteElo "2138"]
[BlackElo "2082"]
[PlyCount "132"]
[EventDate "2005.01.26"]
[EventType "swiss"]
[EventRounds "10"]
[EventCountry "ENG"]
[Source "lmi"]
[SourceDate "2005.02.03"]

1. e4 c6 2. d4 d5 3. exd5 cxd5 4. c4 Nf6 5. Nc3 g6 6. Qb3 e6 7. Nf3 Nc6 8. c5
a6 9. Bd3 Be7 10. O-O Qc7 11. Bg5 Ng4 12. Bxe7 Kxe7 13. g3 Kf8 14. Rfd1 h5 15.
h4 Qe7 16. Bf1 Qf6 17. Bg2 Rb8 18. Qc2 Bd7 19. Qd2 Kg7 20. Rab1 Rbd8 21. b4 Na7
22. a4 Rb8 23. b5 axb5 24. axb5 Qd8 25. Qb2 b6 26. c6 Be8 27. Ra1 Qc7 28. Ra6
f6 29. Rda1 Nc8 30. Qb4 Bf7 31. Ra8 Rxa8 32. Rxa8 Nd6 33. Rxh8 Kxh8 34. Qa3 Kg7
35. Qa6 e5 36. dxe5 fxe5 37. Ng5 e4 38. Na4 d4 39. Nxb6 e3 40. fxe3 dxe3 41.
Nd7 Ne8 42. Qa3 Qd6 43. Qxd6 Nxd6 44. b6 e2 45. Nf3 Bd5 46. Ne1 Bxc6 47. Bxc6
Kf7 48. b7 Nxb7 49. Bxb7 Ke6 50. Nf8+ Kf5 51. Bc8+ Ke4 52. Bxg4 hxg4 53. Kf2
Kf5 54. Nh7 Ke6 55. Kxe2 Kf5 56. Ke3 Ke5 57. Ng5 Kf5 58. Nd3 Kf6 59. Kf4 Kg7
60. Kxg4 Kf6 61. Ne4+ Kg7 62. Kg5 Kh7 63. Nf4 Kg7 64. Nxg6 Kh7 65. h5 Kg7 66.
h6+ Kh7 1-0

[Event "Gibtelecom Masters 2005"]
[Site "Gibraltar ENG"]
[Date "2005.01.01"]
[Round "8"]
[White "Black, Richard"]
[Black "Duncanson, Henry G"]
[Result "0-1"]
[WhiteElo "2235"]
[BlackElo "2110"]
[PlyCount "107"]
[EventDate "2005.01.26"]
[EventType "swiss"]
[EventRounds "10"]
[EventCountry "ENG"]
[Source "lmi"]
[SourceDate "2005.02.03"]

1. e4 e6 2. d4 d5 3. Nd2 Nf6 4. e5 Nfd7 5. Bd3 c5 6. c3 Nc6 7. Ne2 cxd4 8. cxd4
f6 9. Nf4 Nxd4 10. Qh5+ Ke7 11. exf6+ Nxf6 12. Ng6+ hxg6 13. Qxh8 Kf7 14. O-O
e5 15. Nb3 Nxb3 16. axb3 e4 17. Be2 Qb6 18. h4 Bf5 19. h5 gxh5 20. Bxh5+ g6 21.
Be2 Re8 22. Bg5 Bg7 23. Qh4 a6 24. Rac1 Nd7 25. Qg3 Bxb2 26. Rc2 Bd4 27. Bg4
Qe6 28. Bh3 Rh8 29. Bxf5 Qxf5 30. Rc7 Ke6 31. Bf4 g5 32. Qxg5 Qxg5 33. Bxg5 Be5
34. Rfc1 Bxc7 35. Rxc7 Rb8 36. Bf4 Ne5 37. Rh7 Kf6 38. Bg3 Rc8 39. Rxb7 Rc6 40.
Kf1 d4 41. Ke2 Ng4 42. Rd7 d3+ 43. Ke1 Rc1+ 44. Kd2 Rc2+ 45. Ke1 Re2+ 46. Kf1
Rb2 47. Ke1 Rxb3 48. Rd6+ Ke7 49. Rxa6 Rb1+ 50. Kd2 Rb2+ 51. Ke1 d2+ 52. Ke2 e3
53. f3 Nf2 54. Bh4+ 0-1

[Event "Gibtelecom Masters 2005"]
[Site "Gibraltar ENG"]
[Date "2005.01.01"]
[Round "8"]
[White "Calzetta Ruiz, Monica"]
[Black "Vinas Guerrero, Carlos A"]
[Result "1-0"]
[WhiteElo "2281"]
[BlackElo "2096"]
[PlyCount "47"]
[EventDate "2005.01.26"]
[EventType "swiss"]
[EventRounds "10"]
[EventCountry "ENG"]
[Source "lmi"]
[SourceDate "2005.02.03"]

1. e4 d5 2. exd5 Qxd5 3. Nc3 Qd6 4. d4 Nf6 5. Nf3 a6 6. Ne5 Nc6 7. Bf4 Qxd4 8.
Nxc6 Qxd1+ 9. Rxd1 bxc6 10. Bxc7 Bb7 11. Be2 e6 12. O-O c5 13. Nb5 Bc6 14. Nd6+
Ke7 15. Nc4 Nd5 16. Bg3 Bb5 17. Rfe1 Rd8 18. Ne5 Be8 19. Bxa6 f6 20. Nd3 h5 21.
Nxc5 Bf7 22. c4 h4 23. cxd5 hxg3 24. hxg3 1-0

[Event "Gibtelecom Masters 2005"]
[Site "Gibraltar ENG"]
[Date "2005.01.01"]
[Round "8"]
[White "Carame Gonzales, Francisco"]
[Black "Villena Perez, Jorge"]
[Result "1/2-1/2"]
[WhiteElo "2008"]
[BlackElo "1916"]
[PlyCount "60"]
[EventDate "2005.01.26"]
[EventType "swiss"]
[EventRounds "10"]
[EventCountry "ENG"]
[Source "lmi"]
[SourceDate "2005.02.03"]

1. e3 d5 2. b3 g6 3. Bb2 Nf6 4. f4 Bg7 5. Nf3 O-O 6. Be2 c5 7. O-O Nc6 8. Ne5
e6 9. Nxc6 bxc6 10. d3 Ba6 11. Nd2 Re8 12. e4 d4 13. a4 Rb8 14. Ba3 Qb6 15. Qe1
Qa5 16. Rd1 Red8 17. Nc4 Qxe1 18. Rdxe1 Bxc4 19. bxc4 Nd7 20. f5 e5 21. fxg6
hxg6 22. a5 Bf8 23. h4 Kg7 24. h5 g5 25. Rf5 f6 26. Ref1 Rb7 27. Bg4 Be7 28.
R5f3 Nb8 29. Bf5 Kh6 30. Bc1 Rf8 1/2-1/2

[Event "Gibtelecom Masters 2005"]
[Site "Gibraltar ENG"]
[Date "2005.01.01"]
[Round "8"]
[White "Cazelais, Marc"]
[Black "Belezky, Sasha"]
[Result "0-1"]
[WhiteElo "2201"]
[BlackElo "2399"]
[PlyCount "88"]
[EventDate "2005.01.26"]
[EventType "swiss"]
[EventRounds "10"]
[EventCountry "ENG"]
[Source "lmi"]
[SourceDate "2005.02.03"]

1. e4 c5 2. c3 Nf6 3. e5 Nd5 4. d4 cxd4 5. Nf3 e6 6. cxd4 d6 7. Bc4 Nb6 8. Bd3
dxe5 9. dxe5 N8d7 10. O-O Nc5 11. Bc2 Qxd1 12. Rxd1 Nd5 13. Nc3 Nxc3 14. bxc3
Bd7 15. Nd4 O-O-O 16. Bg5 Re8 17. a4 a6 18. a5 Be7 19. Be3 Rd8 20. Rdb1 h6 21.
Bd1 Be8 22. f4 Rd7 23. Bf3 Rc7 24. Rb4 g5 25. fxg5 Nd3 26. Rb3 Nxe5 27. Be4 Nc4
28. Bc1 Bxg5 29. Bxg5 hxg5 30. Ra2 Nd6 31. Bd3 e5 32. Nf5 Nxf5 33. Bxf5+ Bd7
34. Rf2 Rh4 35. g3 Ra4 36. Bxd7+ Rxd7 37. Kg2 Rxa5 38. c4 e4 39. Rc3 Rc5 40.
Re2 Rd4 41. Rf2 f5 42. h4 gxh4 43. gxh4 e3 44. Rxe3 Rxh4 0-1

[Event "Gibtelecom Masters 2005"]
[Site "Gibraltar ENG"]
[Date "2005.01.01"]
[Round "8"]
[White "Cmilyte, Viktorija"]
[Black "Areshchenko, Alexander"]
[Result "0-1"]
[WhiteElo "2468"]
[BlackElo "2570"]
[PlyCount "100"]
[EventDate "2005.01.26"]
[EventType "swiss"]
[EventRounds "10"]
[EventCountry "ENG"]
[Source "lmi"]
[SourceDate "2005.02.03"]

1. d4 d6 2. Nf3 Bg4 3. e4 Nf6 4. h3 Bh5 5. Nc3 c6 6. a4 Nbd7 7. Be2 e5 8. Be3
Bg6 9. Nd2 Be7 10. O-O O-O 11. Kh1 Re8 12. f4 exf4 13. Bxf4 Bf8 14. Bd3 c5 15.
d5 Ne5 16. Bb5 Nfd7 17. a5 a6 18. Ba4 Re7 19. Bxd7 Qxd7 20. Bxe5 Rxe5 21. Nc4
Rae8 22. Nxe5 Rxe5 23. Qf3 Qe8 24. Qg3 Be7 25. Rab1 Bf6 26. Rf3 Qd8 27. b4 Rg5
28. Qf4 cxb4 29. Rxb4 h6 30. Rb6 Qc8 31. Qd2 Be5 32. Rb4 Qc7 33. Ra4 Bh5 34.
Rd3 b5 35. axb6 Qxb6 36. Rc4 Kh7 37. Nd1 Qb1 38. g4 Bg6 39. Kg2 Qb5 40. Rb4 Qa5
41. Rc4 Qa2 42. Rb3 Bf6 43. Nf2 Re5 44. Qb4 Qa1 45. Rb1 Qa2 46. Rb3 Qa1 47. Nd3
Qd1 48. Nf4 a5 49. Qxa5 Bxe4+ 50. Kh2 Qh1+ 0-1

[Event "Gibtelecom Masters 2005"]
[Site "Gibraltar ENG"]
[Date "2005.01.01"]
[Round "8"]
[White "Cramling, Pia"]
[Black "Thorfinnsson, Bjorn"]
[Result "1-0"]
[WhiteElo "2481"]
[BlackElo "2356"]
[PlyCount "59"]
[EventDate "2005.01.26"]
[EventType "swiss"]
[EventRounds "10"]
[EventCountry "ENG"]
[Source "lmi"]
[SourceDate "2005.02.03"]

1. d4 d5 2. Nf3 Nf6 3. c4 dxc4 4. e3 e6 5. Bxc4 c5 6. Qe2 Nc6 7. O-O a6 8. dxc5
Bxc5 9. a3 b5 10. Bd3 Bb7 11. Nbd2 O-O 12. Rd1 Nd5 13. Nb3 Bd6 14. e4 Nf4 15.
Bxf4 Bxf4 16. e5 f5 17. exf6 Qxf6 18. Nc5 Na5 19. Nxb7 Nxb7 20. Qe4 Nd6 21.
Qxh7+ Kf7 22. Qh5+ Ke7 23. Nh4 Qxb2 24. Ng6+ Kd7 25. Rab1 Qc3 26. g3 Bd2 27.
Qe2 Bg5 28. Bxb5+ Kc7 29. Nxf8 Rxf8 30. Qxe6 1-0

[Event "Gibtelecom Masters 2005"]
[Site "Gibraltar ENG"]
[Date "2005.01.01"]
[Round "8"]
[White "De Andres Gonalons, Fernando"]
[Black "Mohamed, Hossein Abdul"]
[Result "0-1"]
[WhiteElo "2115"]
[BlackElo "2233"]
[PlyCount "78"]
[EventDate "2005.01.26"]
[EventType "swiss"]
[EventRounds "10"]
[EventCountry "ENG"]
[Source "lmi"]
[SourceDate "2005.02.03"]

1. d4 c5 2. d5 Nf6 3. c4 d6 4. Nc3 e6 5. Nf3 exd5 6. cxd5 g6 7. g3 Bg7 8. Bg2
O-O 9. O-O Na6 10. h3 Nc7 11. a4 Rb8 12. e4 Re8 13. Re1 Nd7 14. Bf4 Nb6 15. Qc2
f6 16. Nd2 Bf8 17. Nb5 Nxb5 18. axb5 a6 19. Bf1 axb5 20. Bxb5 Bd7 21. Bxd7 Qxd7
22. Qb3 Nc8 23. h4 b5 24. Nc4 Nb6 25. Nxb6 Rxb6 26. Qc2 Bg7 27. Kg2 b4 28. b3
g5 29. hxg5 fxg5 30. Bd2 Bxa1 31. Rxa1 Qg7 32. Re1 Rb7 33. Bc1 Rbe7 34. Bb2 Qg6
35. f3 g4 36. Qc4 gxf3+ 37. Kxf3 Rf7+ 38. Kg2 Qg4 39. Qd3 Ref8 0-1

[Event "Gibtelecom Masters 2005"]
[Site "Gibraltar ENG"]
[Date "2005.01.01"]
[Round "8"]
[White "Del Rio Angelis, Salvador G"]
[Black "Rendle, Thomas"]
[Result "0-1"]
[WhiteElo "2502"]
[BlackElo "2370"]
[PlyCount "94"]
[EventDate "2005.01.26"]
[EventType "swiss"]
[EventRounds "10"]
[EventCountry "ENG"]
[Source "lmi"]
[SourceDate "2005.02.03"]

1. e4 e6 2. d4 d5 3. Nc3 Bb4 4. e5 c5 5. a3 Ba5 6. b4 cxd4 7. Qg4 Ne7 8. bxa5
dxc3 9. Qxg7 Rg8 10. Qxh7 Nbc6 11. Nf3 Qc7 12. Bf4 Bd7 13. a6 b6 14. Bg3 O-O-O
15. Bd3 Rh8 16. Qxf7 Rdf8 17. Qg7 Rhg8 18. Qh6 Rxf3 19. gxf3 Nd4 20. Qf6 Nef5
21. Kf1 Qc5 22. Kg2 Rf8 23. Qg6 Nxf3 24. Bxf5 Rxf5 25. h4 d4 26. Kh3 Nxe5 27.
Bxe5 Qxe5 28. Rae1 Qf4 29. Qg3 e5 30. Qxf4 Rxf4+ 31. Kg3 Rg4+ 32. Kf3 Rf4+ 33.
Ke2 Bb5+ 34. Kd1 Rxf2 35. Rxe5 Rd2+ 36. Kc1 Ba4 37. h5 Rxc2+ 38. Kb1 Rb2+ 39.
Ka1 Bb3 40. Rc1 Ra2+ 41. Kb1 c2+ 42. Rxc2+ Rxc2 43. Rb5 Rc3 44. Kb2 Bc4 45. Rb4
Bxa6 46. Rxd4 Rh3 47. Rd5 Be2 0-1

[Event "Gibtelecom Masters 2005"]
[Site "Gibraltar ENG"]
[Date "2005.01.01"]
[Round "8"]
[White "Dunn, Andrew"]
[Black "Kekki, Petri"]
[Result "1/2-1/2"]
[WhiteElo "2186"]
[BlackElo "2362"]
[PlyCount "94"]
[EventDate "2005.01.26"]
[EventType "swiss"]
[EventRounds "10"]
[EventCountry "ENG"]
[Source "lmi"]
[SourceDate "2005.02.03"]

1. d4 e6 2. Nf3 d5 3. e3 Nf6 4. Bd3 Bd6 5. b3 Nbd7 6. Bb2 c5 7. Nbd2 b6 8. Ne5
Bb7 9. O-O Qc7 10. f4 O-O 11. Ndf3 cxd4 12. exd4 a5 13. Qe2 a4 14. Rac1 Ne4 15.
c4 Qd8 16. cxd5 exd5 17. bxa4 Nb8 18. Ng5 Nxg5 19. fxg5 Bxe5 20. dxe5 Qxg5 21.
e6 Nc6 22. Rxf7 Nd4 23. Qf2 Nxe6 24. Rf1 d4 25. Bc4 Bd5 26. Bxd5 Qxd5 27. Ba3
Rfe8 28. Re7 Nc5 29. Bxc5 bxc5 30. Rxg7+ Kxg7 31. Qf6+ Kg8 32. Rf5 Re1+ 33. Kf2
Qxa2+ 34. Kxe1 Re8+ 35. Kf1 Qb1+ 36. Kf2 Qe1+ 37. Kf3 Qe3+ 38. Kg4 Qe2+ 39. Rf3
Qe6+ 40. Qxe6+ Rxe6 41. Rf5 Re4+ 42. Kf3 Re3+ 43. Kf2 c4 44. Rd5 Rd3 45. a5
Rd2+ 46. Kf3 d3 47. Rc5 Ra2 1/2-1/2

[Event "Gibtelecom Masters 2005"]
[Site "Gibraltar ENG"]
[Date "2005.01.01"]
[Round "8"]
[White "Dworakowska, Joanna"]
[Black "Rogers, Ian"]
[Result "0-1"]
[WhiteElo "2395"]
[BlackElo "2594"]
[PlyCount "130"]
[EventDate "2005.01.26"]
[EventType "swiss"]
[EventRounds "10"]
[EventCountry "ENG"]
[Source "lmi"]
[SourceDate "2005.02.03"]

1. e4 g6 2. d4 Bg7 3. Nf3 c6 4. c4 d5 5. exd5 cxd5 6. cxd5 Nf6 7. Bb5+ Nbd7 8.
Nc3 O-O 9. d6 exd6 10. O-O Nb6 11. Bg5 h6 12. Bh4 a6 13. Bd3 Be6 14. Ne4 Nbd5
15. Nxf6+ Bxf6 16. Bxf6 Qxf6 17. Be4 Nf4 18. d5 Bg4 19. Re1 Rfe8 20. h3 Bd7 21.
Qd4 Qxd4 22. Nxd4 Re5 23. Nf3 Re7 24. Bc2 Rae8 25. Rxe7 Rxe7 26. Rd1 Re2 27.
Nd4 Re5 28. Bb3 Rg5 29. g3 Nxh3+ 30. Kf1 Rg4 31. Kg2 Nf4+ 32. Kf3 Nh5 33. Ke3
Nf6 34. Rc1 Re4+ 35. Kd3 Re7 36. f3 h5 37. Kd2 Kf8 38. Nc2 Re8 39. Ne3 Rc8 40.
Rh1 Rc5 41. Rh4 b5 42. a3 Bc8 43. Ba2 Nd7 44. Re4 Ne5 45. f4 Nf3+ 46. Kd1 a5
47. f5 gxf5 48. Rf4 Ne5 49. Kd2 Kg7 50. Nxf5+ Bxf5 51. Rxf5 Kg6 52. Bb1 Rxd5+
53. Ke2 Kh6 54. Be4 Rd4 55. Ke3 Ra4 56. Kf4 b4 57. axb4 Rxb4 58. Rf6+ Kg7 59.
Rxd6 Ng4 60. Kf3 Rxb2 61. Bd3 Rd2 62. Kf4 Nf2 63. Rd5 Rxd3 64. Rxa5 Nh3+ 65.
Ke4 Rxg3 0-1

[Event "Gibtelecom Masters 2005"]
[Site "Gibraltar ENG"]
[Date "2005.01.01"]
[Round "8"]
[White "Erenburg, Sergey"]
[Black "Al Tamimi, Hamad"]
[Result "1-0"]
[WhiteElo "2551"]
[BlackElo "2210"]
[PlyCount "138"]
[EventDate "2005.01.26"]
[EventType "swiss"]
[EventRounds "10"]
[EventCountry "ENG"]
[Source "lmi"]
[SourceDate "2005.02.03"]

1. e4 c6 2. d4 d5 3. e5 Bf5 4. Nf3 e6 5. Be2 Nd7 6. O-O Ne7 7. a3 Bg4 8. Nbd2
Nf5 9. h3 Bxf3 10. Nxf3 h5 11. g3 Be7 12. Bd3 g6 13. c3 c5 14. dxc5 Nxc5 15.
Bc2 Qb6 16. a4 a5 17. Kg2 Rd8 18. Rb1 Qc7 19. Qe2 Qc6 20. Nd4 Nxd4 21. cxd4 Na6
22. Bd3 Kf8 23. Be3 Nb4 24. Bb5 Qb6 25. Rbc1 Na2 26. Ra1 Nb4 27. Rfc1 Kg7 28.
Rc3 Rb8 29. Qd2 Nc6 30. Rac1 Bb4 31. Qd1 Rhc8 32. Bg5 Be7 33. Bxe7 Nxe7 34. Qf3
Rxc3 35. Qf6+ Kf8 36. bxc3 Ng8 37. Qf4 Rc8 38. g4 hxg4 39. hxg4 Qd8 40. Rh1 Kg7
41. Rh3 Qe7 42. g5 Rc7 43. Qf6+ Kf8 44. Rh8 Qxf6 45. gxf6 Rxc3 46. f4 Rc1 47.
Rh3 Rc7 48. Kf2 Rc2+ 49. Ke1 Rc1+ 50. Kd2 Rc7 51. Rh1 Rc8 52. Kd3 Rc7 53. Kd2
Rc8 54. Bd3 Ke8 55. Rb1 Rb8 56. Rc1 Kd8 57. Bb5 Rc8 58. Rh1 Kc7 59. Rh7 Rf8 60.
Ke3 Kd8 61. Kf3 Kc7 62. Kg4 Kb6 63. Kg5 Kc7 64. Bd3 Kc6 65. Rh1 Kd7 66. Rc1 Rb8
67. Rc2 Kd8 68. Rh2 Ke8 69. Bb5+ Kf8 1-0

[Event "Gibtelecom Masters 2005"]
[Site "Gibraltar ENG"]
[Date "2005.01.01"]
[Round "8"]
[White "Estremera Panos, Sergio"]
[Black "Al Sayed, Mohamad Naser"]
[Result "1/2-1/2"]
[WhiteElo "2384"]
[BlackElo "2463"]
[PlyCount "44"]
[EventDate "2005.01.26"]
[EventType "swiss"]
[EventRounds "10"]
[EventCountry "ENG"]
[Source "lmi"]
[SourceDate "2005.02.03"]

1. d4 d5 2. c4 c6 3. Nf3 Nf6 4. Nc3 e6 5. Bg5 h6 6. Bh4 g5 7. Bg3 dxc4 8. e4 b5
9. Be2 Bb7 10. h4 g4 11. Ne5 h5 12. O-O Nbd7 13. Qc2 Nxe5 14. Bxe5 Bg7 15. Rad1
O-O 16. f3 Nh7 17. Bxg7 Kxg7 18. fxg4 Qxh4 19. gxh5 Ng5 20. Qd2 Nh3+ 21. gxh3
Qg3+ 22. Kh1 Qxh3+ 1/2-1/2

[Event "Gibtelecom Masters 2005"]
[Site "Gibraltar ENG"]
[Date "2005.01.01"]
[Round "8"]
[White "Georgiev, Kiril"]
[Black "McNab, Colin A"]
[Result "1-0"]
[WhiteElo "2654"]
[BlackElo "2440"]
[PlyCount "117"]
[EventDate "2005.01.26"]
[EventType "swiss"]
[EventRounds "10"]
[EventCountry "ENG"]
[Source "lmi"]
[SourceDate "2005.02.03"]

1. d4 d6 2. e4 g6 3. c4 Nd7 4. Nc3 e5 5. Nf3 Bg7 6. Be2 Ngf6 7. Be3 Ng4 8. Bg5
f6 9. Bh4 Nh6 10. O-O O-O 11. dxe5 dxe5 12. b4 Nf7 13. c5 c6 14. Bc4 Qe7 15.
Qb3 g5 16. Bg3 b6 17. Rfd1 bxc5 18. b5 cxb5 19. Nd5 Qd8 20. Qxb5 Kh8 21. h4 g4
22. Nh2 Nb6 23. Qxc5 Nxc4 24. Nc7 Ncd6 25. Nxa8 Bb7 26. Nc7 Qd7 27. Nd5 Nxe4
28. Qe7 Qxe7 29. Nxe7 Ned6 30. h5 Re8 31. Nd5 f5 32. Bh4 e4 33. Rac1 Re5 34.
Nf4 Ra5 35. Rc2 Be5 36. Bg3 Kg7 37. Nf1 Kf6 38. Ne3 Kg5 39. Ne6+ Kxh5 40. Bxe5
Rxe5 41. Nd8 f4 42. Nc4 Nxc4 43. Nxb7 Nb6 44. Rc5 Kg5 45. Nd6 Rxc5 46. Nxe4+
Kf5 47. Nxc5 h5 48. Rd4 Ne5 49. Nd3 f3 50. Nxe5 Kxe5 51. Rd3 fxg2 52. Ra3 h4
53. Kxg2 Nd5 54. Rxa7 Nf4+ 55. Kh2 Nd3 56. Kg1 Nf4 57. Rh7 h3 58. Rg7 Ne2+ 59.
Kh2 1-0

[Event "Gibtelecom Masters 2005"]
[Site "Gibraltar ENG"]
[Date "2005.01.01"]
[Round "8"]
[White "Hassan, Abdullah"]
[Black "Skripchenko, Almira"]
[Result "0-1"]
[WhiteElo "2357"]
[BlackElo "2459"]
[PlyCount "88"]
[EventDate "2005.01.26"]
[EventType "swiss"]
[EventRounds "10"]
[EventCountry "ENG"]
[Source "lmi"]
[SourceDate "2005.02.03"]

1. d4 Nf6 2. Nf3 c5 3. c3 e6 4. Nbd2 cxd4 5. cxd4 d5 6. e3 Nc6 7. b3 Bd6 8. Bb2
Bd7 9. a3 a6 10. Bd3 Na7 11. a4 Qe7 12. Ne5 O-O 13. O-O Nc6 14. f4 Nb4 15. Bb1
Rfc8 16. Rf3 Rc7 17. Rh3 g6 18. Ndf3 Rac8 19. Ng5 Be8 20. g4 Nc2 21. Bxc2 Rxc2
22. Nc4 R8xc4 23. bxc4 Rxb2 24. c5 Bc7 25. Qf3 b6 26. cxb6 Bxb6 27. Qg3 Qb4 28.
f5 exf5 29. Nxh7 Nxh7 30. Qh4 Rb1+ 31. Rxb1 Qxb1+ 32. Kf2 Qc2+ 33. Kf1 Qe4 34.
Qxh7+ Kf8 35. g5 Qe6 36. Qh4 Bc7 37. Qe1 Ke7 38. Rh8 Qd6 39. Qb1 Qb6 40. Qc1 a5
41. Qc2 Qa6+ 42. Kf2 Qc4 43. Qb2 Bxa4 44. Qb7 Bb5 0-1

[Event "Gibtelecom Masters 2005"]
[Site "Gibraltar ENG"]
[Date "2005.01.01"]
[Round "8"]
[White "Hebden, Mark"]
[Black "Fossum, Oystein Boyum"]
[Result "1-0"]
[WhiteElo "2521"]
[BlackElo "2214"]
[PlyCount "107"]
[EventDate "2005.01.26"]
[EventType "swiss"]
[EventRounds "10"]
[EventCountry "ENG"]
[Source "lmi"]
[SourceDate "2005.02.03"]

1. d4 f5 2. g3 Nf6 3. Bg2 e6 4. Nf3 d5 5. O-O Bd6 6. c4 c6 7. Bf4 Bxf4 8. gxf4
O-O 9. Nc3 Bd7 10. Ne5 Be8 11. Rc1 Nbd7 12. e3 Ne4 13. Ne2 Rf6 14. f3 Nd6 15.
c5 Nf7 16. Qe1 Rh6 17. a4 Nf8 18. Rc2 Ng6 19. Nxg6 Rxg6 20. Nc1 Rh6 21. Nd3 Qh4
22. Qxh4 Rxh4 23. b4 a5 24. Rb1 axb4 25. Rxb4 Nd8 26. Bf1 Bd7 27. Ra2 Ra5 28.
Nc1 Rh6 29. Nb3 Ra8 30. a5 Rf6 31. a6 bxa6 32. Rxa6 Rxa6 33. Bxa6 Kf8 34. Nc1
Be8 35. Rb8 Ke7 36. Nd3 Rf8 37. Nb4 Bd7 38. Bb7 Nxb7 39. Rxb7 Rc8 40. Nd3 Kd8
41. Ne5 Rc7 42. Nf7+ Kc8 43. Nd6+ Kd8 44. Rb8+ Bc8 45. Ra8 Kd7 46. Kf2 Kd8 47.
Ke1 Kd7 48. Kd2 Kd8 49. Kc3 Kd7 50. Kb4 Bb7 51. Rg8 Bc8 52. Rxg7+ Kd8 53. Rg8+
Kd7 54. Rh8 1-0

[Event "Gibtelecom Masters 2005"]
[Site "Gibraltar ENG"]
[Date "2005.01.01"]
[Round "8"]
[White "Jaime Montalvan, Luis Felipe"]
[Black "Arakhamia Grant, Ketevan"]
[Result "0-1"]
[WhiteElo "2244"]
[BlackElo "2454"]
[PlyCount "86"]
[EventDate "2005.01.26"]
[EventType "swiss"]
[EventRounds "10"]
[EventCountry "ENG"]
[Source "lmi"]
[SourceDate "2005.02.03"]

1. e4 c5 2. Nf3 e6 3. d4 cxd4 4. Nxd4 Nc6 5. Nb5 d6 6. c4 Nf6 7. N1c3 a6 8. Na3
b6 9. Be2 Bb7 10. O-O Nb8 11. f3 Nbd7 12. Be3 Be7 13. Qb3 Rb8 14. Rfd1 O-O 15.
Rd2 Qc7 16. Qd1 Rbd8 17. Rc1 Qb8 18. Qe1 Kh8 19. Qf2 Ba8 20. Nc2 Rc8 21. Rcd1
Rg8 22. Nb4 Nc5 23. Bf4 Rcd8 24. Nc2 g5 25. Be3 Rc8 26. e5 dxe5 27. b4 Nb7 28.
Na4 b5 29. Nb6 bxc4 30. Nxc8 Qxc8 31. Na3 c3 32. Rc2 g4 33. Nc4 gxf3 34. Nb6
fxe2 35. Rxe2 Qb8 36. h3 Nd6 37. Nxa8 Nde4 38. Qh4 Qxa8 39. Rde1 Ng3 40. Rf2
Nf5 41. Qc4 Ne4 42. Rc2 Nd2 43. Qe2 Nxe3 0-1

[Event "Gibtelecom Masters 2005"]
[Site "Gibraltar ENG"]
[Date "2005.01.01"]
[Round "8"]
[White "Johannesson, Ingvar Thor"]
[Black "Agdestein, Emil"]
[Result "1-0"]
[WhiteElo "2315"]
[BlackElo "2045"]
[PlyCount "72"]
[EventDate "2005.01.26"]
[EventType "swiss"]
[EventRounds "10"]
[EventCountry "ENG"]
[Source "lmi"]
[SourceDate "2005.02.03"]

1. d4 d5 2. Nf3 Nf6 3. c4 c6 4. Nc3 a6 5. e3 b5 6. c5 Bg4 7. Qb3 Bxf3 8. gxf3
Nbd7 9. a4 e5 10. Qa3 Rb8 11. axb5 axb5 12. Qa6 Qc8 13. Qxc8+ Rxc8 14. Bh3 Rc7
15. Ra6 g6 16. Na2 Bg7 17. Ke2 O-O 18. Bd2 Nb8 19. Ra8 exd4 20. exd4 Nh5 21.
Kd3 f5 22. Nb4 Rfc8 23. Rha1 Bf6 24. Be3 Bd8 25. Bf1 Kf7 26. Kc3 Ke6 27. Nd3
Bf6 28. Nf4+ Nxf4 29. Bxf4 Rb7 30. b4 Kd7 31. Bd3 Re8 32. h4 Kc8 33. h5 Bg7 34.
hxg6 hxg6 35. Rg1 Rg8 36. Rxg6 Kd7 1-0

[Event "Gibtelecom Masters 2005"]
[Site "Gibraltar ENG"]
[Date "2005.01.01"]
[Round "8"]
[White "Kobese, Watu"]
[Black "Bergsson, Stefan"]
[Result "1-0"]
[WhiteElo "2419"]
[BlackElo "2163"]
[PlyCount "125"]
[EventDate "2005.01.26"]
[EventType "swiss"]
[EventRounds "10"]
[EventCountry "ENG"]
[Source "lmi"]
[SourceDate "2005.02.03"]

1. e4 c5 2. Nf3 d6 3. d4 cxd4 4. Nxd4 Nf6 5. Nc3 a6 6. Bc4 e6 7. Bb3 Be7 8. g4
h6 9. Be3 b5 10. f3 b4 11. Na4 Qc7 12. Qd2 Nbd7 13. O-O-O Rb8 14. h4 Nc5 15. g5
hxg5 16. hxg5 Rxh1 17. Rxh1 Nfd7 18. g6 Nxb3+ 19. axb3 Ne5 20. gxf7+ Nxf7 21.
f4 Bf6 22. f5 Ke7 23. fxe6 Bxe6 24. Nxe6 Kxe6 25. Qd5+ Ke7 26. Rd1 Rb5 27. Qd3
Qc6 28. Bf4 Bg5 29. Bxg5+ Rxg5 30. Qd2 Rb5 31. Rf1 Qb7 32. Qf4 Kf8 33. Qxd6+
Qe7 34. Qxa6 Re5 35. Qc4 g5 36. Nb6 Kg7 37. Nd5 Qa7 38. Kb1 Nd6 39. Qxb4 Nxe4
40. Qf8+ Kg6 41. Qg8+ Qg7 42. Nf4+ gxf4 43. Qxg7+ Kxg7 44. Rxf4 Nf6 45. c4 Kf7
46. Rd4 Ke6 47. Ka2 Rg5 48. Kb1 Re5 49. Kc2 Ne4 50. b4 Nd6 51. Kb3 Re1 52. b5
Nb7 53. Kb4 Re5 54. Ka3 Nc5 55. Kb4 Ke7 56. Rd1 Nd7 57. Ka5 Kd8 58. b4 Kc7 59.
c5 Rg5 60. Rd6 Rf5 61. b6+ Kc8 62. b7+ Kc7 63. Rxd7+ 1-0

[Event "Gibtelecom Masters 2005"]
[Site "Gibraltar ENG"]
[Date "2005.01.01"]
[Round "8"]
[White "Kotronias, Vasilios"]
[Black "Welling, Gerard"]
[Result "1-0"]
[WhiteElo "2585"]
[BlackElo "2369"]
[PlyCount "47"]
[EventDate "2005.01.26"]
[EventType "swiss"]
[EventRounds "10"]
[EventCountry "ENG"]
[Source "lmi"]
[SourceDate "2005.02.03"]

1. e4 e5 2. Nf3 Nc6 3. Bb5 Bc5 4. c3 Qf6 5. d4 exd4 6. e5 Qg6 7. O-O dxc3 8.
Nxc3 Nge7 9. Bd3 Qh5 10. Ne4 d6 11. b4 Nxb4 12. Bb5+ Nbc6 13. exd6 cxd6 14.
Nxd6+ Bxd6 15. Bxc6+ bxc6 16. Qxd6 Qd5 17. Qa3 Be6 18. Bb2 Rd8 19. Nd4 Nf5 20.
Rad1 Rd7 21. Nxf5 Qxf5 22. Rxd7 Bxd7 23. Rd1 f6 24. Qxa7 1-0